000 00195nam a2200085 4500
001 1257509
005 20260213151152.0
245 _aDÖRT KARDEŞTİLER
_cGÜLTEN DAYIOĞLU
260 _bALTIN KİTAPLAR
999 _c1257509
_d1257509